| 000 | 01074njm a2200241 i 4500 | ||
|---|---|---|---|
| 001 | 4732 | ||
| 003 | ES-MaACL | ||
| 007 | s|r||||||||||| | ||
| 008 | 070809s1975 sp ||| g ||||||||1|nspa d | ||
| 100 | 1 |
_aManrique de Lara, José Gerardo, _d1922-2001 _976104 |
|
| 245 | 1 | 0 |
_aLectura de "Poemas inéditos" por José Gerardo Manrique de Lara [ _hGrabación sonora] / _cinterviene José Gerardo Manrique de Lara. |
| 260 |
_aMadrid : _bAteneo de Madrid, _c1975. |
||
| 300 |
_a1 disco (CD-DA) (1 h. 41 min.) ; _c12 cm. |
||
| 490 | 1 | _aLecturas poéticas | |
| 500 | _aDatos basados en la invitación. | ||
| 518 | _aActo organizado por el Aula de Poesía del Ateneo de Madrid, grabado en la sala de conferencias el miércoles 19 de noviembre de 1975, a las 19:30 h. | ||
| 610 | 2 | 4 |
_aAteneo de Madrid- _xActos culturales- _y1975- _vGrabaciones sonoras. _91885 |
| 710 | 2 |
_aAteneo de Madrid. _bAula de Poesía. _91949 |
|
| 830 | 0 | 0 |
_aLecturas poéticas (Ateneo de Madrid) _9177095 |
| 852 |
_aES-MaACL _cROT _jROT 3/4/20 _94849 |
||
| 942 |
_2udc _cCDROM |
||
| 999 |
_c4732 _d4732 |
||